| 000 | 00606nam a2200181 i 4500 | ||
|---|---|---|---|
| 001 | 120159 | ||
| 003 | ES-MaACL | ||
| 005 | 20251012063048.0 | ||
| 007 | t| | ||
| 008 | 070214s1953 sp r ||||1| spa d | ||
| 100 | 1 |
_aPérez Vidal, José, _d1907-1990 _9160934 |
|
| 245 | 1 | 0 |
_aDos notas al Libro de Apolonio / _cJosé Pérez Vidal. |
| 260 |
_aMadrid : _bC. Bermejo, _c1953. |
||
| 300 |
_a5 h. ; _c25 cm. |
||
| 500 | _aEs tirada aparte de ` Revista de Dialectología y Tradiciones Populares`, tomo IX, 1953, cuadernos 1º. | ||
| 852 |
_aES-MaACL _j2087-F-31 _bR.89892 |
||
| 999 |
_c120159 _d120159 |
||